000
00340nam a2200145Ia 4500
100
_a
Singhal/Mukesh/ Niranjan G.Shivaratri
650
_a
Operating systems
942
_c
BK
245
_a
Advanced concepts in operating systems
260
_b
McGraw Hill
_c
1994
082
_a
5.43
_b
SIN
300
_a
522
546
_a
ENGLISH
999
_c
31984
_d
31984